[Event "Mitropa Cup 25th"]
[Site "Brno"]
[Date "2006.09.09"]
[Round "3.4"]
[White "Borgo, Giulio"]
[Black "Bernasek, Jan"]
[Result "0-1"]
[WhiteElo "2414"]
[BlackElo "2459"]
[PlyCount "212"]
[EventDate "2006.09.07"]
[EventType "team-tourn"]
[EventRounds "9"]
[EventCountry "CZE"]
[Source "ChessBase"]
[SourceDate "2006.11.03"]
[WhiteTeam "Italy"]
[BlackTeam "Czech Republic II"]
[WhiteTeamCountry "ITA"]
[BlackTeamCountry "CZE"]

1. e4 c5 2. Nf3 e6 3. c4 a6 4. Nc3 Qc7 5. a3 b6 6. d4 cxd4 7. Nxd4 Nf6 8. Be3
Bb7 9. f3 d6 10. Be2 Be7 11. O-O Nbd7 12. Qd2 O-O 13. Rfc1 Rac8 14. b4 Qb8 15.
Kh1 Bd8 16. Rc2 Bc7 17. Bg1 Kh8 18. Rb1 Qa8 19. Na4 Rfd8 20. Qc1 Bb8 21. Rb3
Ba7 22. Rbc3 Kg8 23. Nb2 Ne5 24. Nd3 Nxd3 25. Bxd3 Nd7 26. Nb3 Qb8 27. Bd4 f6
28. Qg1 Bc6 29. Rc1 Ne5 30. Bb1 Be8 31. Be3 Rc7 32. Nd4 Qc8 33. Ba2 Bf7 34. Qe1
Qd7 35. b5 a5 36. f4 Ng6 37. Nc6 Rxc6 38. bxc6 Qxc6 39. Bb1 e5 40. f5 Nf8 41.
Qd1 Nd7 42. Bc2 Nc5 43. Bxc5 Qxc5 44. Ba4 Kf8 45. Qd2 Ke7 46. Bb5 Bb8 47. a4
Rg8 48. Rh3 h6 49. Rd3 Rc8 50. Rg3 Rg8 51. Rd1 Bh5 52. Re1 Bf7 53. h3 Bc7 54.
Rc1 Bb8 55. Rd3 Rc8 56. Rd1 Kf8 57. Qe1 Ke7 58. Qe3 Rg8 59. Qe1 Bc7 60. Rg3 Bb8
61. Qe2 Bc7 62. Kh2 Bb8 63. Qf3 Bc7 64. Rd2 Bb8 65. Qd1 Bc7 66. Kh1 Bb8 67.
Rgd3 Rd8 68. Rc2 Rc8 69. Ba6 Rc7 70. Qg4 Kf8 71. Bb5 Re7 72. Qd1 Rb7 73. Rd5
Qc7 74. Rd3 Qc5 75. Kh2 Ra7 76. Rd5 Qc7 77. Rdd2 Qc5 78. Rc3 Bc7 79. Rd5 Bxd5
80. exd5 Bd8 81. Qh5 Rf7 82. Rg3 Qd4 83. Rg4 e4 84. Rf4 Qe5 85. Kg3 Qc3+ 86.
Kh4 Qe1+ 87. Kg4 Qe2+ 88. Kh4 Qxg2 89. Qg4 Qxg4+ 90. Kxg4 Re7 91. Rf2 Re5 92.
h4 g6 93. fxg6 h5+ 94. Kf4 f5 95. Bd7 Bxh4 96. Rg2 Kg7 97. Bxf5 e3 98. Bd3 Bf2
99. Be2 h4 100. Kf3 Rf5+ 101. Ke4 Rf6 102. Bh5 Rf8 103. Kd3 Rf4 104. Bg4 Kxg6
105. Be2+ Kf6 106. Bh5 Ke5 0-1

[Event "Mitropa Cup 25th"]
[Site "Brno"]
[Date "2006.09.09"]
[Round "3.4"]
[White "Lettieri, Giuseppe"]
[Black "Klima, Lukas"]
[Result "1-0"]
[WhiteElo "2295"]
[BlackElo "2443"]
[PlyCount "51"]
[EventDate "2006.09.07"]
[EventType "team-tourn"]
[EventRounds "9"]
[EventCountry "CZE"]
[Source "ChessBase"]
[SourceDate "2006.11.03"]
[WhiteTeam "Italy"]
[BlackTeam "Czech Republic II"]
[WhiteTeamCountry "ITA"]
[BlackTeamCountry "CZE"]

1. e4 c5 2. Nf3 Nc6 3. Bb5 g6 4. O-O Bg7 5. c3 Nf6 6. e5 Nd5 7. d4 cxd4 8. cxd4
O-O 9. Nc3 Nxc3 10. bxc3 d6 11. exd6 Qxd6 12. a4 Qc7 13. Ba3 a6 14. Bxc6 Qxc6
15. Bxe7 Re8 16. d5 Qxc3 17. Rc1 Qa5 18. Rc5 Qb6 19. a5 Qa7 20. Rc7 Qb8 21. d6
Be6 22. Ng5 Be5 23. Nxe6 fxe6 24. Qb3 Bxh2+ 25. Kh1 Rxe7 26. Rxe7 1-0

[Event "Mitropa Cup 25th"]
[Site "Brno"]
[Date "2006.09.09"]
[Round "3.4"]
[White "Simacek, Pavel"]
[Black "Caruana, Fabiano"]
[Result "1-0"]
[WhiteElo "2500"]
[BlackElo "2444"]
[PlyCount "109"]
[EventDate "2006.09.07"]
[EventType "team-tourn"]
[EventRounds "9"]
[EventCountry "CZE"]
[Source "ChessBase"]
[SourceDate "2006.11.03"]
[WhiteTeam "Czech Republic II"]
[BlackTeam "Italy"]
[WhiteTeamCountry "CZE"]
[BlackTeamCountry "ITA"]

1. d4 e6 2. g3 Nf6 3. Bg2 c5 4. Nf3 Nc6 5. O-O cxd4 6. Nxd4 Bc5 7. Nxc6 bxc6 8.
c4 O-O 9. Nc3 d5 10. Qc2 Ba6 11. b3 dxc4 12. Rd1 Qe7 13. Na4 Ba3 14. bxc4 Bxc1
15. Raxc1 Rab8 16. Qc3 Rb4 17. Qa3 c5 18. Nb2 Rb6 19. Na4 Rb4 20. Nxc5 Rxc4 21.
Qxa6 Rxc5 22. a4 h6 23. Rb1 Rc7 24. Rdc1 Rxc1+ 25. Rxc1 Rd8 26. Bf3 Kh7 27. Kg2
Rd5 28. Qc8 Rd8 29. Rc7 Rd7 30. Rxd7 Qxd7 31. Be4+ g6 32. Qxd7 Nxd7 33. Kf3 Kg7
34. Ke3 Kf6 35. Kd4 Ke7 36. Bc6 Nb8 37. Bb7 Kd6 38. f4 Nd7 39. Be4 Nc5 40. Bc2
Na6 41. Kc4 Nc7 42. Be4 Ne8 43. Bf3 Nc7 44. h4 h5 45. Kd4 Ne8 46. e4 Ng7 47.
Be2 Ne8 48. Bb5 Ng7 49. a5 f6 50. e5+ fxe5+ 51. fxe5+ Kc7 52. Ke4 Kd8 53. Kf4
Ke7 54. Bd3 Kf7 55. Kg5 1-0

[Event "Mitropa Cup 25th"]
[Site "Brno"]
[Date "2006.09.09"]
[Round "3.3"]
[White "Gozzoli, Yannick"]
[Black "Repkova, Eva"]
[Result "1-0"]
[WhiteElo "2470"]
[BlackElo "2351"]
[PlyCount "69"]
[EventDate "2006.09.07"]
[EventType "team-tourn"]
[EventRounds "9"]
[EventCountry "CZE"]
[Source "ChessBase"]
[SourceDate "2006.11.03"]
[WhiteTeam "France"]
[BlackTeam "Slovakia"]
[WhiteTeamCountry "FRA"]
[BlackTeamCountry "SVK"]

1. d4 d5 2. c4 e6 3. Nc3 Nf6 4. cxd5 exd5 5. Bg5 c6 6. e3 Be7 7. Bd3 Na6 8.
Nge2 Nc7 9. Qc2 h6 10. Bf4 Ne6 11. O-O Ng5 12. f3 c5 13. Rad1 O-O 14. dxc5 Bxc5
15. Bxg5 hxg5 16. Nxd5 b6 17. b4 Bd6 18. Qc6 Nxd5 19. Qxa8 Be6 20. Qxd8 Rxd8
21. Kf2 Nxb4 22. Bb1 Nxa2 23. Bxa2 Bxa2 24. Rd4 Kf8 25. Nc3 Bb3 26. Rb1 Bc2 27.
Rb2 Rc8 28. Rxc2 Be5 29. Rd3 b5 30. Rc1 a5 31. Ne2 Rxc1 32. Nxc1 Bb2 33. Rd1 a4
34. Na2 Ke7 35. Rd5 1-0

[Event "Mitropa Cup 25th"]
[Site "Brno"]
[Date "2006.09.09"]
[Round "3.3"]
[White "Jurcik, Marian"]
[Black "Colin, Vincent"]
[Result "1/2-1/2"]
[WhiteElo "2328"]
[BlackElo "2415"]
[PlyCount "60"]
[EventDate "2006.09.07"]
[EventType "team-tourn"]
[EventRounds "9"]
[EventCountry "CZE"]
[Source "ChessBase"]
[SourceDate "2006.11.03"]
[WhiteTeam "Slovakia"]
[BlackTeam "France"]
[WhiteTeamCountry "SVK"]
[BlackTeamCountry "FRA"]

1. d4 Nf6 2. c4 e6 3. Nc3 Bb4 4. Qc2 Nc6 5. e3 O-O 6. Bd3 Re8 7. a3 Bxc3+ 8.
Qxc3 e5 9. d5 e4 10. dxc6 exd3 11. cxd7 Qxd7 12. Nf3 Qg4 13. O-O Qh5 14. Ne1
Ne4 15. Qxd3 Bf5 16. Qb3 Nc5 17. Qc3 Re6 18. f3 Rh6 19. e4 Qxh2+ 20. Kf2 Rh3
21. exf5 Ne4+ 22. fxe4 Rxc3 23. bxc3 Qh4+ 24. Kg1 Qxe4 25. f6 Qxc4 26. fxg7
Qxc3 27. Rb1 Rd8 28. Nf3 Qc5+ 29. Kh1 Qh5+ 30. Kg1 Qc5+ 1/2-1/2

[Event "Mitropa Cup 25th"]
[Site "Brno"]
[Date "2006.09.09"]
[Round "3.3"]
[White "Le Roux, Jean Pierre"]
[Black "Petrik, Tomas"]
[Result "1/2-1/2"]
[WhiteElo "2496"]
[BlackElo "2523"]
[PlyCount "90"]
[EventDate "2006.09.07"]
[EventType "team-tourn"]
[EventRounds "9"]
[EventCountry "CZE"]
[Source "ChessBase"]
[SourceDate "2006.11.03"]
[WhiteTeam "France"]
[BlackTeam "Slovakia"]
[WhiteTeamCountry "FRA"]
[BlackTeamCountry "SVK"]

1. d4 e6 2. c4 Nf6 3. Nc3 Bb4 4. e3 O-O 5. Nge2 d5 6. cxd5 exd5 7. g3 Bf5 8.
Bg2 Be4 9. f3 Bg6 10. O-O c5 11. a3 cxd4 12. axb4 dxc3 13. Nxc3 Nc6 14. b5 Nb4
15. Qd2 Re8 16. Ra4 Qe7 17. g4 h6 18. h4 Rad8 19. Rxa7 Nd3 20. Ra4 Nxc1 21.
Rxc1 Qxe3+ 22. Qxe3 Rxe3 23. Rd4 Rd3 24. Rd1 Rxd1+ 25. Nxd1 Bc2 26. Nc3 Bb3 27.
g5 hxg5 28. hxg5 Ne8 29. f4 Bc4 30. Nxd5 Bxd5 31. Rxd5 Rxd5 32. Bxd5 b6 33. g6
Nd6 34. Bxf7+ Nxf7 35. gxf7+ Kxf7 36. Kg2 Ke6 37. Kf3 Kf5 38. Ke3 Ke6 39. Ke4
g6 40. b3 Kd6 41. Kf3 Ke6 42. Kg4 Kf6 43. b4 Kf7 44. Kg5 Kg7 45. f5 gxf5
1/2-1/2

[Event "Mitropa Cup 25th"]
[Site "Brno"]
[Date "2006.09.09"]
[Round "3.3"]
[White "Meszaros, Michal"]
[Black "Abergel, Thal"]
[Result "1-0"]
[WhiteElo "2420"]
[BlackElo "2477"]
[PlyCount "143"]
[EventDate "2006.09.07"]
[EventType "team-tourn"]
[EventRounds "9"]
[EventCountry "CZE"]
[Source "ChessBase"]
[SourceDate "2006.11.03"]
[WhiteTeam "Slovakia"]
[BlackTeam "France"]
[WhiteTeamCountry "SVK"]
[BlackTeamCountry "FRA"]

1. e4 c5 2. Nf3 Nc6 3. d4 cxd4 4. Nxd4 Nf6 5. Nc3 d6 6. Bg5 Qb6 7. Nb3 e6 8.
Bd3 Be7 9. O-O O-O 10. Qe2 Qc7 11. f4 a6 12. Rae1 Nd7 13. Bxe7 Nxe7 14. Kh1 b5
15. a4 bxa4 16. Nxa4 Bb7 17. Ra1 e5 18. Nc3 exf4 19. Bxa6 Bxa6 20. Rxa6 Rxa6
21. Qxa6 Ng6 22. Rd1 Nb6 23. Qd3 Rd8 24. Nb5 Qc6 25. Na5 Qa8 26. b4 d5 27. Nc7
Qc8 28. Nxd5 Nxd5 29. exd5 Ne5 30. Qe4 Qc3 31. Rf1 Qe3 32. Qxf4 Qxf4 33. Rxf4
Rxd5 34. h3 f6 35. c4 Rd1+ 36. Kh2 Kf7 37. c5 Ke6 38. Nc4 g5 39. Re4 Kd5 40.
Rxe5+ Kxc4 41. Re4+ Kb5 42. Kg3 h5 43. h4 f5 44. Re5 gxh4+ 45. Kxh4 Rh1+ 46.
Kg5 Rg1 47. Kxf5 Rxg2 48. Re4 Rg8 49. Rh4 Rh8 50. Kf6 Rg8 51. Kf5 Rh8 52. Ke5
Re8+ 53. Kd6 Rh8 54. Ke7 Rh7+ 55. Kf6 Rh8 56. Kg6 Ka4 57. Rxh5 Re8 58. Rh4 Kb5
59. Kf5 Rg8 60. Rd4 Rh8 61. Ke6 Rh7 62. Kd6 Rg7 63. Re4 Rh7 64. Re7 Rh6+ 65.
Re6 Rh7 66. c6 Kb6 67. b5 Rg7 68. Re7 Rg6+ 69. Kd7 Rg8 70. c7 Kb7 71. b6 Rh8
72. Re8 1-0

[Event "Mitropa Cup 25th"]
[Site "Brno"]
[Date "2006.09.09"]
[Round "3.1"]
[White "Braun, Arik"]
[Black "Jenni, Florian"]
[Result "1/2-1/2"]
[WhiteElo "2526"]
[BlackElo "2481"]
[PlyCount "59"]
[EventDate "2006.09.07"]
[EventType "team-tourn"]
[EventRounds "9"]
[EventCountry "CZE"]
[Source "ChessBase"]
[SourceDate "2006.11.03"]
[WhiteTeam "Germany"]
[BlackTeam "Switzerland"]
[WhiteTeamCountry "GER"]
[BlackTeamCountry "SUI"]

1. d4 Nf6 2. c4 e6 3. Nc3 Bb4 4. Qc2 O-O 5. a3 Bxc3+ 6. Qxc3 d6 7. Nf3 Nbd7 8.
e3 b6 9. Be2 c5 10. O-O Ba6 11. b4 cxd4 12. Qxd4 d5 13. Bb2 Bxc4 14. Bxc4 dxc4
15. Qxc4 a5 16. Rac1 axb4 17. axb4 Qc8 18. Qf4 Qb8 19. Qd4 Rc8 20. h3 Qb7 21.
Rfd1 Rxc1 22. Rxc1 Rc8 23. Rxc8+ Qxc8 24. Qd6 Qf8 25. Qd4 h6 26. Nd2 Qa8 27.
Nc4 Qc6 28. f3 Ne8 29. e4 f6 30. Kf2 1/2-1/2

[Event "Mitropa Cup 25th"]
[Site "Brno"]
[Date "2006.09.09"]
[Round "3.1"]
[White "Brener, Ilja"]
[Black "Wirthensohn, Heinz"]
[Result "1/2-1/2"]
[WhiteElo "2327"]
[BlackElo "2397"]
[PlyCount "81"]
[EventDate "2006.09.07"]
[EventType "team-tourn"]
[EventRounds "9"]
[EventCountry "CZE"]
[Source "ChessBase"]
[SourceDate "2006.11.03"]
[WhiteTeam "Germany"]
[BlackTeam "Switzerland"]
[WhiteTeamCountry "GER"]
[BlackTeamCountry "SUI"]

1. e4 c5 2. Nf3 g6 3. d4 cxd4 4. Nxd4 Nc6 5. c4 Nf6 6. Nc3 d6 7. Be2 Nxd4 8.
Qxd4 Bg7 9. Bg5 O-O 10. Qd2 a5 11. O-O a4 12. Rac1 Be6 13. f3 Qa5 14. Nd5 Qxd2
15. Bxd2 Nxd5 16. cxd5 Bd7 17. Bc3 Rfc8 18. Bxg7 Kxg7 19. Kf2 b6 20. Ke3 Rc5
21. Rc3 g5 22. g3 Rac8 23. Rxc5 bxc5 24. Rf2 Rb8 25. Bd1 Kf6 26. f4 gxf4+ 27.
Rxf4+ Kg7 28. Rf2 Rb7 29. a3 h6 30. Kd3 e6 31. Kc3 exd5 32. exd5 Bb5 33. Rf4
Ra7 34. Re4 Bd7 35. Bc2 Kf8 36. Rf4 Kg7 37. Bf5 Bb5 38. Bc2 Ra8 39. Rg4+ Kf6
40. Rf4+ Kg7 41. Rg4+ 1/2-1/2

[Event "Mitropa Cup 25th"]
[Site "Brno"]
[Date "2006.09.09"]
[Round "3.1"]
[White "Ekstroem, Roland"]
[Black "Meier, Georg"]
[Result "1/2-1/2"]
[WhiteElo "2461"]
[BlackElo "2450"]
[PlyCount "29"]
[EventDate "2006.09.07"]
[EventType "team-tourn"]
[EventRounds "9"]
[EventCountry "CZE"]
[Source "ChessBase"]
[SourceDate "2006.11.03"]
[WhiteTeam "Switzerland"]
[BlackTeam "Germany"]
[WhiteTeamCountry "SUI"]
[BlackTeamCountry "GER"]

1. d4 e6 2. g3 Nf6 3. Bg2 d5 4. Nf3 b5 5. a4 b4 6. c4 bxc3 7. bxc3 Ba6 8. O-O
Nbd7 9. Bg5 Be7 10. Nbd2 O-O 11. Re1 c5 12. e3 Rc8 13. a5 cxd4 14. cxd4 h6 15.
Bxf6 1/2-1/2

[Event "Mitropa Cup 25th"]
[Site "Brno"]
[Date "2006.09.09"]
[Round "3.1"]
[White "Moor, Olivier"]
[Black "Bogner, Sebastian"]
[Result "0-1"]
[WhiteElo "2388"]
[BlackElo "2318"]
[PlyCount "96"]
[EventDate "2006.09.07"]
[EventType "team-tourn"]
[EventRounds "9"]
[EventCountry "CZE"]
[Source "ChessBase"]
[SourceDate "2006.11.03"]
[WhiteTeam "Switzerland"]
[BlackTeam "Germany"]
[WhiteTeamCountry "SUI"]
[BlackTeamCountry "GER"]

1. d4 Nf6 2. c4 g6 3. Nc3 Bg7 4. e4 d6 5. Be2 O-O 6. Bg5 Na6 7. Qd2 e5 8. d5 c6
9. f3 cxd5 10. cxd5 Bd7 11. h4 Nc5 12. g4 a5 13. Nh3 Qe8 14. Nf2 b5 15. Rc1 b4
16. Ncd1 Bb5 17. Ne3 Bxe2 18. Qxe2 h6 19. Bxf6 Bxf6 20. g5 Be7 21. gxh6 Kh7 22.
h5 Rc8 23. Rd1 b3 24. a3 Na4 25. Kf1 Bg5 26. Nfg4 Rc5 27. Kg2 Qc8 28. Rd2 Qb7
29. Qd3 Rfc8 30. Re2 Qb6 31. f4 Bxf4 32. Rf1 Qb5 33. Qxb5 Rxb5 34. Ref2 Rbc5
35. Rxf4 exf4 36. Rxf4 R5c7 37. e5 Nxb2 38. exd6 Nd3 39. Rf1 Rc2+ 40. Nxc2 bxc2
41. Rxf7+ Kg8 42. hxg6 Nf4+ 43. Rxf4 c1=Q 44. Nf6+ Kf8 45. Nh7+ Ke8 46. Rf8+
Kd7 47. Rxc8 Kxc8 48. d7+ Kd8 0-1

[Event "Mitropa Cup 25th"]
[Site "Brno"]
[Date "2006.09.09"]
[Round "3.2"]
[White "Banusz, Tamas"]
[Black "Sebenik, Matej"]
[Result "1/2-1/2"]
[WhiteElo "2480"]
[BlackElo "2400"]
[PlyCount "62"]
[EventDate "2006.09.07"]
[EventType "team-tourn"]
[EventRounds "9"]
[EventCountry "CZE"]
[Source "ChessBase"]
[SourceDate "2006.11.03"]
[WhiteTeam "Hungary"]
[BlackTeam "Slovenia"]
[WhiteTeamCountry "HUN"]
[BlackTeamCountry "SLO"]

1. Nf3 Nf6 2. c4 g6 3. Nc3 Bg7 4. g3 O-O 5. Bg2 d6 6. d4 Nbd7 7. O-O e5 8. e4
c6 9. h3 Re8 10. Re1 exd4 11. Nxd4 Nc5 12. Rb1 a5 13. b3 a4 14. Bf4 axb3 15.
axb3 h6 16. b4 Ne6 17. Nxe6 Bxe6 18. Bxd6 Bxc4 19. e5 Nd7 20. f4 f6 21. b5 fxe5
22. bxc6 bxc6 23. Bxc6 Ra6 24. Bd5+ Bxd5 25. Qxd5+ Kh7 26. fxe5 Nxe5 27. Bxe5
Qxd5 28. Nxd5 Rxe5 29. Rxe5 Bxe5 30. Rb3 Rd6 31. Nf4 Bxf4 1/2-1/2

[Event "Mitropa Cup 25th"]
[Site "Brno"]
[Date "2006.09.09"]
[Round "3.2"]
[White "Erdos, Viktor"]
[Black "Borisek, Jure"]
[Result "1/2-1/2"]
[WhiteElo "2528"]
[BlackElo "2495"]
[PlyCount "205"]
[EventDate "2006.09.07"]
[EventType "team-tourn"]
[EventRounds "9"]
[EventCountry "CZE"]
[Source "ChessBase"]
[SourceDate "2006.11.03"]
[WhiteTeam "Hungary"]
[BlackTeam "Slovenia"]
[WhiteTeamCountry "HUN"]
[BlackTeamCountry "SLO"]

1. d4 d5 2. c4 dxc4 3. Nf3 Nf6 4. e3 e6 5. Bxc4 c5 6. O-O a6 7. dxc5 Qxd1 8.
Rxd1 Bxc5 9. Nbd2 O-O 10. Be2 Rd8 11. Ne5 Be7 12. Bf3 Nbd7 13. Nec4 Rb8 14. Nb3
b5 15. Nca5 Ne5 16. Rxd8+ Bxd8 17. Be2 Bd7 18. Bd2 Rc8 19. Bc3 Nc4 20. Nxc4
bxc4 21. Nd2 Nd5 22. Rc1 Nxc3 23. Rxc3 Bf6 24. Rxc4 Rxc4 25. Bxc4 a5 26. b3 Bc3
27. Nb1 Bb4 28. Kf1 Bc6 29. f3 Kf8 30. Ke2 Ke7 31. Nd2 h6 32. Bd3 Bd6 33. h3 h5
34. Nc4 Bc7 35. a3 g5 36. b4 axb4 37. axb4 f5 38. Na5 Bd7 39. Nb3 Bb6 40. Na5
e5 41. Nc4 Bc7 42. Kd2 Be6 43. Na3 Bb6 44. Bc4 Bd7 45. Nb1 Kd6 46. Nc3 Bc6 47.
Bb5 Bd5 48. Bd3 Be6 49. Bb1 Bd7 50. Bc2 Be6 51. Bd3 Bd7 52. Bc4 Bc6 53. Ke2 Bd7
54. Bf7 h4 55. Bc4 g4 56. fxg4 fxg4 57. hxg4 Bxg4+ 58. Kd2 h3 59. gxh3 Bxh3 60.
Na4 Ba7 61. Nc3 Bb6 62. Bd5 Bf1 63. Be4 Bc4 64. Bd3 Bd5 65. Bg6 Bg2 66. Be4 Bf1
67. Bf3 Bc4 68. Ne4+ Kc7 69. Nf6 Kd6 70. Ne4+ Kc7 71. Bh5 Bd5 72. Nc3 Kd6 73.
Nb5+ Ke7 74. Kd3 Bg2 75. Na3 Bd5 76. Bg6 Kd6 77. Nb5+ Ke7 78. Be4 Ba2 79. Nc3
Bf7 80. Bd5 Bg6+ 81. e4 Be8 82. Kc4 Kd6 83. Nb1 Bh5 84. Nc3 Be8 85. Ne2 Bf2 86.
Nc1 Bh5 87. Kd3 Be1 88. Na2 Kc7 89. Nc3 Be8 90. Kc4 Kd6 91. Kb3 Bf2 92. Nb1 Bd4
93. Na3 Bd7 94. Kc2 Kc7 95. Kd3 Kb6 96. Nc2 Bf2 97. Bc4 Ba4 98. Ne3 Bc6 99. Ke2
Bh4 100. Bd3 Be7 101. b5 Bxe4 102. Bxe4 Kxb5 103. Nd5 1/2-1/2

[Event "Mitropa Cup 25th"]
[Site "Brno"]
[Date "2006.09.09"]
[Round "3.2"]
[White "Sakelsek, Tadej"]
[Black "Papp, Gabor"]
[Result "1/2-1/2"]
[WhiteElo "2432"]
[BlackElo "2481"]
[PlyCount "160"]
[EventDate "2006.09.07"]
[EventType "team-tourn"]
[EventRounds "9"]
[EventCountry "CZE"]
[Source "ChessBase"]
[SourceDate "2006.11.03"]
[WhiteTeam "Slovenia"]
[BlackTeam "Hungary"]
[WhiteTeamCountry "SLO"]
[BlackTeamCountry "HUN"]

1. e4 c5 2. Nf3 d6 3. d4 cxd4 4. Nxd4 Nf6 5. Nc3 a6 6. Be3 e5 7. Nb3 Be6 8. f3
Be7 9. Qd2 O-O 10. O-O-O b5 11. g4 b4 12. Ne2 a5 13. g5 a4 14. Nc5 dxc5 15.
gxf6 Qxd2+ 16. Rxd2 Bxf6 17. Kb1 Be7 18. Ng3 g6 19. Nf5 Bxf5 20. exf5 Nc6 21.
f6 Bd8 22. Bxc5 Nd4 23. Bxf8 Kxf8 24. f4 Bxf6 25. fxe5 Bxe5 26. Bg2 Rd8 27. Re1
f6 28. a3 bxa3 29. c3 Ne6 30. Rxd8+ Nxd8 31. bxa3 Bxc3 32. Re4 Be5 33. Rxa4
Bxh2 34. Ra8 Ke7 35. a4 Ne6 36. a5 Nc7 37. Rh8 Kd6 38. Bf1 Kc6 39. Rxh7 Be5 40.
Kc2 g5 41. Kb3 g4 42. Rh4 g3 43. Rc4+ Kb7 44. Bg2+ Ka7 45. Rb4 Ne8 46. Rb7+ Ka6
47. Ka4 Nc7 48. Rb6+ Ka7 49. Kb4 Na6+ 50. Kb5 Nc7+ 51. Kc5 Ne8 52. Kc6 Nd6 53.
Bf1 Ka8 54. Ra6+ Kb8 55. Bg2 Ne8 56. Rb6+ Ka7 57. Bf1 Nd6 58. a6 Ka8 59. Rb4
Nf5 60. Rg4 Ka7 61. Kc5 Bd6+ 62. Kb5 Be5 63. Rg8 Nd4+ 64. Kc5 Ne6+ 65. Kd5 g2
66. Bxg2 Nf4+ 67. Kc6 Nxg2 68. Rg7+ Kxa6 69. Rxg2 Ka7 70. Ra2+ Kb8 71. Ra4 Bg3
72. Rb4+ Ka7 73. Rb7+ Ka8 74. Kb6 Bf2+ 75. Ka6 Bg3 76. Rg7 Be5 77. Rg8+ Bb8 78.
Rf8 f5 79. Rxf5 Bc7 80. Rf2 Be5 1/2-1/2

[Event "Mitropa Cup 25th"]
[Site "Brno"]
[Date "2006.09.09"]
[Round "3.2"]
[White "Skoberne, Jure"]
[Black "Berczes, David"]
[Result "1-0"]
[WhiteElo "2407"]
[BlackElo "2461"]
[PlyCount "67"]
[EventDate "2006.09.07"]
[EventType "team-tourn"]
[EventRounds "9"]
[EventCountry "CZE"]
[Source "ChessBase"]
[SourceDate "2006.11.03"]
[WhiteTeam "Slovenia"]
[BlackTeam "Hungary"]
[WhiteTeamCountry "SLO"]
[BlackTeamCountry "HUN"]

1. e4 c5 2. c3 d5 3. exd5 Qxd5 4. d4 Nf6 5. Nf3 e6 6. Be2 Nc6 7. O-O cxd4 8.
cxd4 Be7 9. Nc3 Qd6 10. Nb5 Qd8 11. Bf4 Nd5 12. Bg3 a6 13. Nc3 O-O 14. Rc1 Nf6
15. a3 Nh5 16. Be5 Nxe5 17. dxe5 Nf4 18. Qc2 Bd7 19. Rfd1 g5 20. Bd3 Kg7 21.
Be4 Rc8 22. h4 h6 23. g3 g4 24. Nh2 Nh3+ 25. Kg2 h5 26. Qe2 Rc5 27. Nxg4 hxg4
28. Qxg4+ Ng5 29. f4 Qc7 30. hxg5 Rc4 31. Bf3 Bxa3 32. Rh1 Rg8 33. g6 Kf8 34.
g7+ 1-0

[Event "Mitropa Cup 25th"]
[Site "Brno"]
[Date "2006.09.10"]
[Round "4.1"]
[White "Jenni, Florian"]
[Black "Brkic, Ante"]
[Result "1/2-1/2"]
[WhiteElo "2481"]
[BlackElo "2547"]
[PlyCount "36"]
[EventDate "2006.09.07"]
[EventType "team-tourn"]
[EventRounds "9"]
[EventCountry "CZE"]
[Source "ChessBase"]
[SourceDate "2006.11.03"]
[WhiteTeam "Switzerland"]
[BlackTeam "Croatia"]
[WhiteTeamCountry "SUI"]
[BlackTeamCountry "CRO"]

1. d4 Nf6 2. Nf3 g6 3. Bg5 Bg7 4. Nbd2 O-O 5. c3 d6 6. e4 c5 7. d5 Na6 8. a4
Nc7 9. Bd3 e6 10. dxe6 Nxe6 11. Bxf6 Qxf6 12. Bc4 Nf4 13. O-O Bg4 14. Re1 Bh6
15. Qc2 Nh3+ 16. gxh3 Bxf3 17. Nxf3 Qxf3 18. Qd3 Qxd3 1/2-1/2

[Event "Mitropa Cup 25th"]
[Site "Brno"]
[Date "2006.09.10"]
[Round "4.1"]
[White "Saric, Ante"]
[Black "Ekstroem, Roland"]
[Result "1/2-1/2"]
[WhiteElo "2475"]
[BlackElo "2461"]
[PlyCount "33"]
[EventDate "2006.09.07"]
[EventType "team-tourn"]
[EventRounds "9"]
[EventCountry "CZE"]
[Source "ChessBase"]
[SourceDate "2006.11.03"]
[WhiteTeam "Croatia"]
[BlackTeam "Switzerland"]
[WhiteTeamCountry "CRO"]
[BlackTeamCountry "SUI"]

1. d4 d5 2. c4 e6 3. Nc3 Nf6 4. Bg5 Be7 5. e3 h6 6. Bh4 O-O 7. Nf3 b6 8. cxd5
Nxd5 9. Bxe7 Qxe7 10. Rc1 Bb7 11. Be2 Rc8 12. O-O Nxc3 13. Rxc3 Nd7 14. Qa4 c5
15. Rfc1 cxd4 16. Rxc8+ Rxc8 17. Rxc8+ 1/2-1/2

[Event "Mitropa Cup 25th"]
[Site "Brno"]
[Date "2006.09.10"]
[Round "4.1"]
[White "Saric, Ivan"]
[Black "Moor, Olivier"]
[Result "1-0"]
[WhiteElo "2394"]
[BlackElo "2388"]
[PlyCount "75"]
[EventDate "2006.09.07"]
[EventType "team-tourn"]
[EventRounds "9"]
[EventCountry "CZE"]
[Source "ChessBase"]
[SourceDate "2006.11.03"]
[WhiteTeam "Croatia"]
[BlackTeam "Switzerland"]
[WhiteTeamCountry "CRO"]
[BlackTeamCountry "SUI"]

1. e4 e6 2. d4 d5 3. Nc3 Nf6 4. e5 Nfd7 5. f4 c5 6. Nf3 Nc6 7. Be3 cxd4 8. Nxd4
Bc5 9. Qd2 a6 10. O-O-O O-O 11. Nb3 Bb4 12. Bd3 b5 13. g4 Nb6 14. Qf2 Nc4 15.
Ne4 Nxe3 16. Qxe3 Be7 17. g5 f5 18. gxf6 gxf6 19. Rhg1+ Kh8 20. Qh3 f5 21. Qh6
Rg8 22. Nf6 Bxf6 23. exf6 Ra7 24. Bxf5 Qf8 25. Rxg8+ Qxg8 26. Bd3 Rf7 27. a3
Qd8 28. Qh5 Qg8 29. Nd2 Rxf6 30. Bxh7 Qxh7 31. Qe8+ Qg8 32. Qxc6 Rxf4 33. Re1
Kh7 34. Kb1 Rf2 35. Re3 Rf6 36. Rh3+ Kg7 37. Qc7+ Rf7 38. Qe5+ 1-0

[Event "Mitropa Cup 25th"]
[Site "Brno"]
[Date "2006.09.10"]
[Round "4.1"]
[White "Wirthensohn, Heinz"]
[Black "Bosiocic, Marin"]
[Result "1-0"]
[WhiteElo "2397"]
[BlackElo "2433"]
[PlyCount "101"]
[EventDate "2006.09.07"]
[EventType "team-tourn"]
[EventRounds "9"]
[EventCountry "CZE"]
[Source "ChessBase"]
[SourceDate "2006.11.03"]
[WhiteTeam "Switzerland"]
[BlackTeam "Croatia"]
[WhiteTeamCountry "SUI"]
[BlackTeamCountry "CRO"]

1. Nf3 Nf6 2. c4 g6 3. Nc3 Bg7 4. e4 d6 5. d4 O-O 6. Be2 e5 7. O-O Na6 8. Re1
c6 9. Be3 Ng4 10. Bg5 f6 11. Bh4 Nh6 12. h3 Nf7 13. Rb1 Nc7 14. b4 Ne6 15. d5
Nd4 16. Nxd4 exd4 17. Qxd4 f5 18. Qxg7+ Kxg7 19. Bxd8 Rxd8 20. exf5 Bxf5 21.
Rbd1 Rac8 22. dxc6 bxc6 23. f4 h5 24. Bf3 h4 25. Re7 Rd7 26. Rxd7 Bxd7 27. Ne4
Be6 28. Nxd6 Nxd6 29. Rxd6 Bxc4 30. Rd7+ Kf6 31. Rxa7 Bd5 32. Kf2 Rb8 33. a3
Kf5 34. Ra5 Rd8 35. Ke3 Re8+ 36. Kd4 Kxf4 37. Bxd5 cxd5 38. Rxd5 Re2 39. b5
Rxg2 40. b6 Rb2 41. Kc5 Kg3 42. Rg5+ Kxh3 43. Rxg6 Kh2 44. a4 h3 45. a5 Kh1 46.
a6 h2 47. Rh6 Kg1 48. a7 Ra2 49. Rxh2 Kxh2 50. b7 Rc2+ 51. Kd4 1-0